| 000 | 00947nam a22002537a 4500 | ||
|---|---|---|---|
| 008 | 240212t2020 ck a gr 000 j spa d | ||
| 020 | _a9789585595484 | ||
| 037 | _3Donación | ||
| 040 |
_aCO-JMCR _cCO-JMCR _dCO-JMCR _erda _bspa |
||
| 041 | 0 | _aspa | |
| 082 |
_aA-C _bFLAc |
||
| 100 | 1 |
_9550 _aFlaubert, Gustave, _d1821-1880 _eautor |
|
| 245 | 1 | 3 |
_aUn corazón sencillo / _cGustave Flaubert ; traducción de Alfonso Conde Rivera |
| 260 |
_aBogotá: _b |
||
| 264 |
_aBogotá : _bInstituto Distrital de las Artes-Idartes , _c©2020 |
||
| 300 |
_a66 páginas : _bIlustraciones a blanco y negro ; _c16 cm. |
||
| 490 | _v153 | ||
| 500 | _aIncluye datos biográficos del autor--Nota de edición- | ||
| 650 | 1 | 4 | _943372 |
| 650 | 2 | 4 | _943373 |
| 700 |
_aConde Rivera, Alfonso, _943374 |
||
| 710 |
_aSecretaria de Cultura, Recreación y Deporte _943375 |
||
| 999 |
_c30562 _d16946 |
||